000 00551nam a2200229Ia 4500
003 OSt
005 20220924142846.0
006 a|||||r|||| 00| 0
007 ta
008 ASM
024 _a303549
037 _cTextual
040 _aARTS
_cARTS
_bASM
041 _2ASM
_aASM
082 _aO158,1NTAx, P2
100 _aTanty Sananta
_9214186
245 0 _aDirna basantar saurabh
260 _c2002
650 _aASSAMESE LITERATURE
_911738
942 _hO158,1NTAx, P2
_cTEXL
_2CC
999 _c452197
_d452197